| Tag |
First Indicator |
Second Indicator |
Subfields |
| LEADER |
00000cam a2200000 i 4500 |
| 001 |
in00005715321 |
| 005 |
20260319164331.2 |
| 006 |
m o d |
| 007 |
cr cnu---unuuu |
| 008 |
171129t20182018nyua ob 001 0 eng d |
| 010 |
|
|
|z 2017020694
|
| 040 |
|
|
|a N$T
|b eng
|e rda
|e pn
|c N$T
|d EBLCP
|d OCL
|d AZU
|d STF
|d YDX
|d UAB
|d OTZ
|d STBDS
|d OCLCQ
|d CEF
|d KSU
|d LVT
|d WYU
|d OCLCO
|d BRX
|d OCLCA
|d AU@
|d OCLCQ
|d OCL
|d OCLCA
|d OCLCQ
|d JHP
|d UKAHL
|d OCLCO
|d OCLCQ
|d OCLCO
|d OCLCL
|d COA
|d OCLCF
|d OCLCA
|d OCLCL
|
| 019 |
|
|
|a 1013502869
|a 1057360270
|a 1340104989
|
| 020 |
|
|
|a 9780190653514
|q (electronic bk.)
|
| 020 |
|
|
|a 0190653515
|q (electronic bk.)
|
| 020 |
|
|
|a 9780190653538
|
| 020 |
|
|
|a 0190653531
|
| 020 |
|
|
|z 9780190653507
|
| 020 |
|
|
|z 0190653507
|
| 020 |
|
|
|z 9780190653521
|q (epub)
|
| 024 |
8 |
|
|a (WaSeSS)ssj0001915359
|
| 035 |
|
|
|a (OCoLC)1013462390
|z (OCoLC)1013502869
|z (OCoLC)1057360270
|z (OCoLC)1340104989
|
| 050 |
|
4 |
|a ML197
|b .W36 2018eb
|
| 072 |
|
7 |
|a MUS
|x 041000
|2 bisacsh
|
| 082 |
0 |
4 |
|a 781.5/9
|2 23
|
| 049 |
|
|
|a TXAM
|
| 100 |
1 |
|
|a Walden, Joshua S.,
|d 1979-
|e author.
|1 https://id.oclc.org/worldcat/entity/E39PCjvX84ymb6R8tyQHtYyBGd
|
| 245 |
1 |
0 |
|a Musical portraits :
|b the composition of identity in contemporary and experimental music /
|c Joshua S. Walden.
|
| 264 |
|
1 |
|a New York, NY :
|b Oxford University Press,
|c [2018]
|
| 264 |
|
4 |
|c ©2018
|
| 300 |
|
|
|a 1 online resource
|
| 336 |
|
|
|a text
|b txt
|2 rdacontent
|
| 337 |
|
|
|a computer
|b c
|2 rdamedia
|
| 338 |
|
|
|a online resource
|b cr
|2 rdacarrier
|
| 347 |
|
|
|a text file
|2 rdaft
|0 http://rdaregistry.info/termList/fileType/1002.
|
| 504 |
|
|
|a Includes bibliographical references and index.
|
| 588 |
0 |
|
|a Online resource; title from online title page.
|
| 505 |
0 |
|
|a Introduction: Portraiture as a musical genre -- Musical and literary portraiture -- Musical portraits of visual artists -- Listening in on composers' self-portraits -- Celebrity, music, and the multimedia portrait -- Epilogue: Musical portraiture, the posthumous, and the posthuman.
|
| 520 |
|
|
|a "This book explores the wide-ranging but underexamined genre of musical portraiture. It focuses in particular on contemporary and experimental music created between 1945 and the present day, an era in which conceptions of identity have changed alongside increasing innovation in musical composition as well as in the uses of abstraction, mixed media, and other novel techniques in the field of visual portraiture. In the absence of physical likeness, an element typical of portraiture that cannot be depicted in sound, composers have experimented with methods of constructing other attributes of identity in music, such as character, biography, and profession. By studying musical portraits of painters, authors, and modern celebrities, in addition to composers' self-portraits, the book considers how representational and interpretive processes overlap and differ between music and other art forms, as well as how music is used in the depiction of human identities. With focus on a range of musical portraits by composers including Peter Ablinger, Pierre Boulez, Morton Feldman, Philip Glass, György Ligeti, and Virgil Thomson, and through studies of director Robert Wilson's ongoing series of video portraits of modern-day celebrities and his "portrait opera" Einstein on the Beach, Musical Portraits offers to contribute to the study of music since 1945 through a detailed examination of contemporary understandings of music's capacity to depict identity, and of the intersections between music, literature, theater, film, and the visual arts."--Publisher's description.
|
| 650 |
|
0 |
|a Characters and characteristics in music.
|
| 650 |
|
0 |
|a Music
|y 20th century
|x History and criticism.
|
| 650 |
|
7 |
|a MUSIC
|x Instruction & Study
|x Theory.
|2 bisacsh
|
| 650 |
|
7 |
|a Characters and characteristics in music
|2 fast
|
| 650 |
|
7 |
|a Music
|2 fast
|
| 650 |
|
7 |
|a Porträtwerk
|2 gnd
|
| 650 |
|
7 |
|a Komponist
|2 gnd
|
| 650 |
|
7 |
|a Musik
|2 gnd
|
| 648 |
|
7 |
|a 1900-1999
|2 fast
|
| 655 |
|
7 |
|a Electronic books.
|2 local
|
| 655 |
|
7 |
|a Criticism, interpretation, etc.
|2 fast
|
| 758 |
|
|
|i has work:
|a Musical portraits (Text)
|1 https://id.oclc.org/worldcat/entity/E39PCGWdK9PtK3J9DTJqjRrRBq
|4 https://id.oclc.org/worldcat/ontology/hasWork
|
| 776 |
0 |
8 |
|i Print version:
|a Walden, Joshua S., 1979-
|t Musical portraits.
|d New York, NY : Oxford University Press, [2018]
|z 9780190653507
|w (DLC) 2017020694
|w (OCoLC)992989672
|
| 856 |
4 |
0 |
|u http://proxy.library.tamu.edu/login?url=https://academic.oup.com/book/6101
|z Connect to the full text of this electronic book
|t 0
|
| 955 |
|
|
|a Oxford Scholarship Online
|
| 994 |
|
|
|a 92
|b TXA
|
| 999 |
f |
f |
|i c35b5e32-7a04-44b9-9bca-a3c3d8e56e39
|s 895b43fc-168f-4021-8707-da1cdfa9e916
|t 0
|
| 952 |
f |
f |
|a Texas A&M University
|b College Station
|c Electronic Resources
|s www_evans
|d Available Online
|t 0
|e ML197 .W36 2018eb
|h Library of Congress classification
|
| 998 |
f |
f |
|a ML197 .W36 2018eb
|t 0
|l Available Online
|